000 00517nam a22001817a 4500
999 _c190974
_d190974
005 20220816161440.0
010 _aENG-134422
020 _a9788179941515
_c300.00
035 _aEN-117954
037 _bDBAD/PUB
082 _a920
100 _aKashyap, R.L.
245 _aMadhav P. Pandit: A Biography/
_cR.L.Kashyap
260 _c2018
_aBengalure
_bSakshi
270 _a#63, 13th Main, 4th Block East, Jayanagar
_bBengalure
_e560011
300 _a160p.
_c21cm(hb)
942 _2ddc
_cEN
_h920
_mKAS